000 01175nam a2200241 a 4500
001 83923
003 BD-RjUL
005 20240627101920.0
008 240627s2011 bg a|||| m||| 00| 0 eng d
035 _a(BD-RjUL)83923
040 _aBD-RjUL
_beng
_cBD-RjUL
_dBD-RjUL
041 _aeng
082 _223
_a633.188
_bKAF 2011
100 _aKamaly, Md. Hasanul Kabir
_913356
245 1 0 _aFarmers Perception on the Harmful Effects of Using Agrochemicals in Rice Production /
_cBy Md. Hasanul Kabir Kamaly ;
_6Supervisor : Md. Mostafizur Rahman
260 _aRajshahi :
_bInstitute of Bangladesh Studies, University of Rajshahi,
_c2011
300 _axxiv, 295 Leaves :
_bill, ;
_c29 cm.
502 _aThesis (Ph. D.) -- Institute of Bangladesh Studies, University of Rajshahi, 2011
504 _aBibliography : Leaves 244-262
650 _a Agrochemicals
_vRice
_913357
700 _aRahman, Md. Mostafizur, Supervisor
_95569
942 _2ddc
_cTHE
999 _c83923
_d83923